| 000 | 00451cam a2200181ua 4500 | ||
|---|---|---|---|
| 001 | 10445 | ||
| 005 | 20260515114625.0 | ||
| 008 | 190222n ii |||gr||||Z||||||eng | ||
| 020 | _a9788125912118 | ||
| 040 | _cMAIN | ||
| 041 | _aeng | ||
| 082 | _a005.133 | ||
| 100 |
_aT Jeyapoovan, _eAuthor. |
||
| 245 | _aFirst course in programming with C | ||
| 260 |
_aNew Delhi: _bVikas, _c2016. |
||
| 653 | _aComputer programming, programs & data | ||
| 942 | _cBK | ||
| 999 |
_c9422 _d9422 |
||